| 000 | 00584nam a22001817a 4500 | ||
|---|---|---|---|
| 005 | 20240201144707.0 | ||
| 008 | 240201b |||||||| |||| 00| 0 eng d | ||
| 020 | _a9781485127079 | ||
| 041 | _aEnglish | ||
| 082 | _a343.7 LAU | ||
| 100 |
_aLauriol, T and Raynaud, E _lEnglish |
||
| 245 |
_aOil, Gas and Mining Law in Africa / _cT Lauriol and E Raynaud |
||
| 250 | _aFirst Edition | ||
| 260 |
_aCape Town : _bJuta and Company (Pty) Ltd, _c2018 |
||
| 300 |
_blxxvii, 507 pages ; _c25 cm. |
||
| 650 |
_aLegal practice _bLaw |
||
| 942 |
_cBK _6ALISON_BN_VRIES |
||
| 999 |
_c1326 _d1326 |
||